Els professionals davant l'actual demanda de planificació familiar
ISBN:
84-505-6319-4
Descripción Física:
82 p. ; 24 cm
Colección:
Butlletí planificació familiar ; 5
Materias:
Control de la natalitat -- Congressos
MARC
| LEADER | 00000nam a2200000Ia 4500 | ||
|---|---|---|---|
| 001 | 8111 | ||
| 008 | 160829s9999 xx 000 0 cat d | ||
| 020 | |a 84-505-6319-4 | ||
| 080 | |a C-2-347 | ||
| 245 | |a Els professionals davant l'actual demanda de planificació familiar | ||
| 260 | |a Barcelona : |b Diputació de Barcelona. Servei de Sanitat, DL 1987 | ||
| 300 | |a 82 p. ; |c 24 cm | ||
| 490 | |a Butlletí planificació familiar ; 5 | ||
| 590 | |a Conté la presentació de les IV Jornades Municipals de Planificació Familiar (1986) | ||
| 650 | |a Control de la natalitat |x Congressos |9 21882 | ||
| 710 | 1 | |a Barcelona (Catalunya : Província). |b Servei de Sanitat |9 54402 | |
| 901 | |a Arxiu | ||
| 942 | |n 1 | ||
| 952 | |0 0 |1 0 |4 0 |6 C2347 |7 1 |9 41907 |a Arxiu |b Arxiu |d 2016-12-01 |l 0 |o C-2-347 |p 8111 |r 2016-12-01 00:00:00 |w 2016-12-01 |y ARXIU | ||
| 999 | |c 44354 |d 44354 | ||